000
00250nam a2200121Ia 4500
100
_a
Palan/ N.G.
942
_c
BK
654
_a
digital
245
_a
Digital Logic Design
260
_b
Tech-Max
_c
2002
082
_a
621.38195
_b
PAL
546
_a
ENGLISH
999
_c
32964
_d
32964